LEADER 00801nam0-22003011i-450- 001 990001012420403321 035 $a000101242 035 $aFED01000101242 035 $a(Aleph)000101242FED01 035 $a000101242 100 $a20000920d1965----km-y0itay50------ba 101 0 $aeng 200 1 $aClassical Electrodynamics$fJohn David Jackson 210 $aNew York [etc.]$cJohn Wiley$d1965 610 0 $aElettricitą 610 0 $aMagnetismo 610 0 $aCampi elettromagnetici 676 $a537.1 700 1$aJackson,$bJohn David$01072 801 0$aIT$bUNINA$gRICA$2UNIMARC 901 $aBK 912 $a990001012420403321 952 $a29-021.002$b4939$fFI1 952 $aC.29-002$b$fFI1 959 $aFI1 996 $aClassical electrodynamics$920386 997 $aUNINA DB $aING01 LEADER 02237nam 2200565Ia 450 001 9910780145803321 005 20230607213830.0 010 $a0-309-17032-X 010 $a0-309-51046-5 035 $a(CKB)111069351124310 035 $a(EBL)3375499 035 $a(SSID)ssj0000145899 035 $a(PQKBManifestationID)11155715 035 $a(PQKBTitleCode)TC0000145899 035 $a(PQKBWorkID)10182282 035 $a(PQKB)10207148 035 $a(MiAaPQ)EBC3375499 035 $a(Au-PeEL)EBL3375499 035 $a(CaPaEBR)ebr10038777 035 $a(OCoLC)923256820 035 $a(EXLCZ)99111069351124310 100 $a20020605d2001 uy 0 101 0 $aeng 135 $aur|n|---||||| 181 $ctxt 182 $cc 183 $acr 200 00$aEmerging information technologies for facilities owners$b[electronic resource] $eresearch and practical applications : symposium proceedings /$f[Federal Facilities Council] 210 $aWashington, D.C. $cNational Academy Press$dc2001 215 $a1 online resource (43 p.) 225 1 $aFederal Facilities Council technical report ;$vno. 144 300 $aDescription based upon print version of record. 311 $a0-309-07643-9 327 $a""Front Matter""; ""ACKNOWLEDGEMENTS""; ""Contents""; ""1 Introduction""; ""2 Emerging Information Technologies for Facilities Owners""; ""3 Information Technologies and the Architecture- Engineering-Construction Industry""; ""4 Information Technologies and Knowledge Management""; ""5 New Tools for Fully Integrated and Automated Facilities Management Processes"" 410 0$aTechnical report (Federal Facilities Council) ;$v#144. 606 $aConstruction industry$xData processing 606 $aInformation technology 606 $aManagement information systems 615 0$aConstruction industry$xData processing. 615 0$aInformation technology. 615 0$aManagement information systems. 676 $a725/.4 712 02$aFederal Facilities Council. 801 0$bMiAaPQ 801 1$bMiAaPQ 801 2$bMiAaPQ 906 $aBOOK 912 $a9910780145803321 996 $aEmerging information technologies for facilities owners$93716982 997 $aUNINA